00954nas a2200229Ia 4500001001100000003000900011008004100020040001300061040001300074041001300087100005200100210001200152222001200164245007500176250001100251260002200262501008600284300002000370362003100390500026000421650004300681R142/E8282IT-RoPAU151124c99999999xx |||||||||||| ||und|| aIT-RoPAU cIT-RoPAU aFRANCESE aCoulomb-Gully MarlenegCodice Aut. SPICS: 44260 aRESEAUX aReseaux aRESEAUX, N.084 (LUGLIO/AGOSTO 1997)bBebete Show Et Guignols De L'Info a1a ed. aPARISbCNETc1997 bPaulus - SPICS - Società San Paolo EM (non-commercial uses only)cCopyright2015 a10 p. [139-148] aN.084 (LUGLIO/AGOSTO 1997) aDall'Emissione Alla Ricezione: Percorsi Comici e Ritratti di Ttori Nelle Due Trasmissioni Amate Dal Pubblico Francese: Bebete Show su Tf1 e Les Guignols De L'Info su Canal Plus. Farsa e Buffonata Satiriche. Comica e Humour. Visivo e Parlato. Giochi di Par aCOMUNICAZIONEvPUBBLICAZIONE PERIODICA